TH-MS-Cloning & Characterization of Untypable Hepatitis C virus (HCV) CORE Fragment from Pakistani Isolates (Record no. 480816)

000 -LEADER
fixed length control field 00544nam a22001577a 4500
003 - CONTROL NUMBER IDENTIFIER
control field ASAB
005 - DATE AND TIME OF LATEST TRANSACTION
control field 20180827062832.0
008 - FIXED-LENGTH DATA ELEMENTS--GENERAL INFORMATION
fixed length control field 180509t xxu||||| |||| 00| 0 eng d
040 ## - CATALOGING SOURCE
Transcribing agency ASAB
100 ## - MAIN ENTRY--PERSONAL NAME
Personal name Sadia Zahid-sup-Dr. Sadia Andleeb
9 (RLIN) 3831
245 ## - TITLE STATEMENT
Title TH-MS-Cloning & Characterization of Untypable Hepatitis C virus (HCV) CORE Fragment from Pakistani Isolates
Statement of responsibility, etc. Sadia Zahid-sup-Dr. Sadia Andleeb
260 ## - PUBLICATION, DISTRIBUTION, ETC.
Place of publication, distribution, etc. Isalamabad
Name of publisher, distributor, etc. ASAB (NCVI)
Date of publication, distribution, etc. 2011
300 ## - PHYSICAL DESCRIPTION
Extent xviii, 89 P
Other physical details 30 cm
630 ## - SUBJECT ADDED ENTRY--UNIFORM TITLE
Uniform title Virology and Immunology
9 (RLIN) 3832
942 ## - ADDED ENTRY ELEMENTS (KOHA)
Source of classification or shelving scheme
Koha item type
Holdings
Withdrawn status Lost status Source of classification or shelving scheme Damaged status Not for loan Collection code Permanent Location Current Location Date acquired Total Checkouts Full call number Barcode Date last seen Price effective from Koha item type
            Atta-ur-Rahman School of Applied Biosciences (ASAB) Atta-ur-Rahman School of Applied Biosciences (ASAB) 05/09/2018   Thesis 2011 SZ ASABms-15-11 05/11/2018 05/09/2018  
© 2023 Central Library, National University of Sciences and Technology. All Rights Reserved.